Middle Eastern capitals Quiz Stats

 Plays Quiz not verified by Sporcle

Support Sporcle.
Go Orange.
Score 0/17 Timer 06:00
0 Plays Today
Flag Clues Capital % Correct
cedar treeBeirut
84.6%
David's StarJerusalem
76.9%
2 green stars in middle stripeDamascus
74.4%
white Arabic text and swordRiyadh
74.4%
eagleCairo
71.8%
white crescent moon and starAnkara
69.2%
maroon zigzagDoha
66.7%
3 stripes with green Arabic textBaghdad
61.5%
white star in red triangleAmman
59%
Flag Clues Capital % Correct
red zigzagManama
59%
red, white, black horizontal stripesSana'a
59%
vertical black trapezoidKuwait City
59%
golden islandNicosia
56.4%
red emblem in center stripeTehran
56.4%
1 vertical and 3 horizontal stripes, plainAbu Dhabi
53.8%
plain red triangle with 3 stripesRamallah
43.6%
reddish vertical stripe with symbolMuscat
43.6%

You're not logged in!

Compare scores with friends on all Sporcle quizzes.
OR
Log In

From the Vault

Movie by Difficulty XI

by Larryholmes79

Actors can be so difficult sometimes.
Remove Ads.
Support Sporcle.
Get the best of Sporcle when you Go Orange. This ad-free experience offers more features, more stats, and more fun while also helping to support Sporcle. Thank you for becoming a member.

Show Comments

Extras

Top Quizzes Today


Score Distribution

Your Account Isn't Verified!

In order to create a playlist on Sporcle, you need to verify the email address you used during registration. Go to your Sporcle Settings to finish the process.

Report this User

Report this user for behavior that violates our Community Guidelines.

Details: